|
|
|
|
| LEADER |
01747cas a2200265 a 4500 |
| 001 |
AALejournalIMF006971 |
| 008 |
230101c9999 xx r poo 0 0eng d |
| 020 |
|
|
|c 5.00 USD
|
| 020 |
|
|
|z 9781455211838
|
| 022 |
|
|
|a 1018-5941
|
| 040 |
|
|
|a BD-DhAAL
|c BD-DhAAL
|
| 100 |
1 |
|
|a Patnaik, Ila.
|
| 245 |
1 |
0 |
|a Monetary Policy Transmission in an Emerging Market Setting /
|c Ila Patnaik, Ajay Shah, Rudrani Bhattacharya.
|
| 264 |
|
1 |
|a Washington, D.C. :
|b International Monetary Fund,
|c 2011.
|
| 300 |
|
|
|a 1 online resource (26 pages)
|
| 490 |
1 |
|
|a IMF Working Papers
|
| 500 |
|
|
|a <strong>Off-Campus Access:</strong> No User ID or Password Required
|
| 500 |
|
|
|a <strong>On-Campus Access:</strong> No User ID or Password Required
|
| 506 |
|
|
|a Electronic access restricted to authorized BRAC University faculty, staff and students
|
| 520 |
3 |
|
|a Some emerging economies have a relatively ineffective monetary policy transmission owing to weaknesses in the domestic financial system and the presence of a large and segmented informal sector. At the same time, small open economies can have a substantial monetary policy transmission through the exchange rate channel. In order to understand this setting, we explore a unified treatment of monetary policy transmission and exchangerate pass-through. The results for an emerging market, India, suggest that the most effective mechanism through which monetary policy impacts inflation runs through the exchange rate.
|
| 538 |
|
|
|a Mode of access: Internet
|
| 700 |
1 |
|
|a Bhattacharya, Rudrani.
|
| 700 |
1 |
|
|a Shah, Ajay.
|
| 830 |
|
0 |
|a IMF Working Papers; Working Paper ;
|v No. 2011/005
|
| 856 |
4 |
0 |
|z Full text available on IMF
|u http://elibrary.imf.org/view/journals/001/2011/005/001.2011.issue-005-en.xml
|z IMF e-Library
|